<?xml version="1.0" encoding="UTF-8"?>
<marc:record xmlns:marc="http://www.loc.gov/MARC21/slim" type="Bibliographic">
   <marc:leader>00000pam a2200000 c 4500</marc:leader>
   <marc:controlfield tag="001">1171921462</marc:controlfield>
   <marc:controlfield tag="003">DE-101</marc:controlfield>
   <marc:controlfield tag="005">20190819233238.0</marc:controlfield>
   <marc:controlfield tag="007">tu</marc:controlfield>
   <marc:controlfield tag="008">181121s2019    gw ||||| |||| 00||||ger  </marc:controlfield>
   <marc:datafield ind1=" " ind2=" " tag="015">
      <marc:subfield code="a">19,A35</marc:subfield>
      <marc:subfield code="z">18,N48</marc:subfield>
      <marc:subfield code="2">dnb</marc:subfield>
   </marc:datafield>
   <marc:datafield ind1="7" ind2=" " tag="016">
      <marc:subfield code="2">DE-101</marc:subfield>
      <marc:subfield code="a">1171921462</marc:subfield>
   </marc:datafield>
   <marc:datafield ind1=" " ind2=" " tag="020">
      <marc:subfield code="a">9783351037796</marc:subfield>
      <marc:subfield code="c">Broschur : EUR 16.00 (DE), EUR 16.50 (AT)</marc:subfield>
      <marc:subfield code="9">978-3-351-03779-6</marc:subfield>
   </marc:datafield>
   <marc:datafield ind1=" " ind2=" " tag="020">
      <marc:subfield code="a">3351037791</marc:subfield>
      <marc:subfield code="9">3-351-03779-1</marc:subfield>
   </marc:datafield>
   <marc:datafield ind1="3" ind2=" " tag="024">
      <marc:subfield code="a">9783351037796</marc:subfield>
   </marc:datafield>
   <marc:datafield ind1="5" ind2="2" tag="028">
      <marc:subfield code="a">Bestellnummer: 641/13779</marc:subfield>
   </marc:datafield>
   <marc:datafield ind1=" " ind2=" " tag="035">
      <marc:subfield code="a">(DE-599)DNB1171921462</marc:subfield>
   </marc:datafield>
   <marc:datafield ind1=" " ind2=" " tag="035">
      <marc:subfield code="a">(OCoLC)1076508292</marc:subfield>
   </marc:datafield>
   <marc:datafield ind1=" " ind2=" " tag="040">
      <marc:subfield code="a">1145</marc:subfield>
      <marc:subfield code="b">ger</marc:subfield>
      <marc:subfield code="c">DE-101</marc:subfield>
      <marc:subfield code="d">9999</marc:subfield>
      <marc:subfield code="e">rda</marc:subfield>
   </marc:datafield>
   <marc:datafield ind1=" " ind2=" " tag="041">
      <marc:subfield code="a">ger</marc:subfield>
   </marc:datafield>
   <marc:datafield ind1=" " ind2=" " tag="044">
      <marc:subfield code="c">XA-DE-BE</marc:subfield>
   </marc:datafield>
   <marc:datafield ind1="0" ind2="4" tag="082">
      <marc:subfield code="8">2\u</marc:subfield>
      <marc:subfield code="a">320.014</marc:subfield>
      <marc:subfield code="q">DE-101</marc:subfield>
      <marc:subfield code="2">23/ger</marc:subfield>
   </marc:datafield>
   <marc:datafield ind1="7" ind2=" " tag="083">
      <marc:subfield code="8">3\p</marc:subfield>
      <marc:subfield code="a">320</marc:subfield>
      <marc:subfield code="a">300</marc:subfield>
      <marc:subfield code="q">DE-101</marc:subfield>
      <marc:subfield code="2">23sdnb</marc:subfield>
   </marc:datafield>
   <marc:datafield ind1=" " ind2=" " tag="085">
      <marc:subfield code="8">2\u</marc:subfield>
      <marc:subfield code="b">320</marc:subfield>
   </marc:datafield>
   <marc:datafield ind1=" " ind2=" " tag="085">
      <marc:subfield code="8">2\u</marc:subfield>
      <marc:subfield code="b">320.014</marc:subfield>
   </marc:datafield>
   <marc:datafield ind1=" " ind2=" " tag="085">
      <marc:subfield code="8">2\u</marc:subfield>
      <marc:subfield code="z">1</marc:subfield>
      <marc:subfield code="s">014</marc:subfield>
   </marc:datafield>
   <marc:datafield ind1=" " ind2=" " tag="090">
      <marc:subfield code="a">b</marc:subfield>
   </marc:datafield>
   <marc:datafield ind1="1" ind2=" " tag="100">
      <marc:subfield code="0">(DE-588)130410020</marc:subfield>
      <marc:subfield code="0">https://d-nb.info/gnd/130410020</marc:subfield>
      <marc:subfield code="0">(DE-101)130410020</marc:subfield>
      <marc:subfield code="a">Römmele, Andrea</marc:subfield>
      <marc:subfield code="d">1967-</marc:subfield>
      <marc:subfield code="e">Verfasser</marc:subfield>
      <marc:subfield code="4">aut</marc:subfield>
      <marc:subfield code="2">gnd</marc:subfield>
   </marc:datafield>
   <marc:datafield ind1="1" ind2="0" tag="245">
      <marc:subfield code="a">Zur Sache!</marc:subfield>
      <marc:subfield code="b">für eine neue Streitkultur in Politik und Gesellschaft</marc:subfield>
      <marc:subfield code="c">Andrea Römmele</marc:subfield>
   </marc:datafield>
   <marc:datafield ind1=" " ind2=" " tag="250">
      <marc:subfield code="a">1. Auflage</marc:subfield>
   </marc:datafield>
   <marc:datafield ind1=" " ind2=" " tag="259">
      <marc:subfield code="a">11</marc:subfield>
   </marc:datafield>
   <marc:datafield ind1=" " ind2="1" tag="264">
      <marc:subfield code="a">Berlin</marc:subfield>
      <marc:subfield code="b">Aufbau</marc:subfield>
      <marc:subfield code="c">2019</marc:subfield>
   </marc:datafield>
   <marc:datafield ind1=" " ind2=" " tag="300">
      <marc:subfield code="a">140 Seiten</marc:subfield>
      <marc:subfield code="c">22 cm, 203 g</marc:subfield>
   </marc:datafield>
   <marc:datafield ind1=" " ind2=" " tag="336">
      <marc:subfield code="a">Text</marc:subfield>
      <marc:subfield code="b">txt</marc:subfield>
      <marc:subfield code="2">rdacontent</marc:subfield>
   </marc:datafield>
   <marc:datafield ind1=" " ind2=" " tag="337">
      <marc:subfield code="a">ohne Hilfsmittel zu benutzen</marc:subfield>
      <marc:subfield code="b">n</marc:subfield>
      <marc:subfield code="2">rdamedia</marc:subfield>
   </marc:datafield>
   <marc:datafield ind1=" " ind2=" " tag="338">
      <marc:subfield code="a">Band</marc:subfield>
      <marc:subfield code="b">nc</marc:subfield>
      <marc:subfield code="2">rdacarrier</marc:subfield>
   </marc:datafield>
   <marc:datafield ind1=" " ind2="7" tag="650">
      <marc:subfield code="0">(DE-588)4134262-8</marc:subfield>
      <marc:subfield code="0">https://d-nb.info/gnd/4134262-8</marc:subfield>
      <marc:subfield code="0">(DE-101)041342623</marc:subfield>
      <marc:subfield code="a">Politische Kommunikation</marc:subfield>
      <marc:subfield code="9">rswk-swf</marc:subfield>
      <marc:subfield code="2">gnd</marc:subfield>
   </marc:datafield>
   <marc:datafield ind1=" " ind2="7" tag="650">
      <marc:subfield code="0">(DE-588)4046540-8</marc:subfield>
      <marc:subfield code="0">https://d-nb.info/gnd/4046540-8</marc:subfield>
      <marc:subfield code="0">(DE-101)040465403</marc:subfield>
      <marc:subfield code="a">Politische Kultur</marc:subfield>
      <marc:subfield code="9">rswk-swf</marc:subfield>
      <marc:subfield code="2">gnd</marc:subfield>
   </marc:datafield>
   <marc:datafield ind1=" " ind2="7" tag="650">
      <marc:subfield code="0">(DE-588)4011413-2</marc:subfield>
      <marc:subfield code="0">https://d-nb.info/gnd/4011413-2</marc:subfield>
      <marc:subfield code="0">(DE-101)040114139</marc:subfield>
      <marc:subfield code="a">Demokratie</marc:subfield>
      <marc:subfield code="9">rswk-swf</marc:subfield>
      <marc:subfield code="2">gnd</marc:subfield>
   </marc:datafield>
   <marc:datafield ind1=" " ind2="7" tag="650">
      <marc:subfield code="0">(DE-588)4148952-4</marc:subfield>
      <marc:subfield code="0">https://d-nb.info/gnd/4148952-4</marc:subfield>
      <marc:subfield code="0">(DE-101)041489527</marc:subfield>
      <marc:subfield code="a">Debatte</marc:subfield>
      <marc:subfield code="9">rswk-swf</marc:subfield>
      <marc:subfield code="2">gnd</marc:subfield>
   </marc:datafield>
   <marc:datafield ind1=" " ind2=" " tag="653">
      <marc:subfield code="a">(Produktform)Paperback / softback</marc:subfield>
   </marc:datafield>
   <marc:datafield ind1=" " ind2=" " tag="653">
      <marc:subfield code="a">(Produktform (spezifisch))With flaps</marc:subfield>
   </marc:datafield>
   <marc:datafield ind1=" " ind2=" " tag="653">
      <marc:subfield code="a">Streit</marc:subfield>
   </marc:datafield>
   <marc:datafield ind1=" " ind2=" " tag="653">
      <marc:subfield code="a">Streitkultur</marc:subfield>
   </marc:datafield>
   <marc:datafield ind1=" " ind2=" " tag="653">
      <marc:subfield code="a">Debatte</marc:subfield>
   </marc:datafield>
   <marc:datafield ind1=" " ind2=" " tag="653">
      <marc:subfield code="a">Politik</marc:subfield>
   </marc:datafield>
   <marc:datafield ind1=" " ind2=" " tag="653">
      <marc:subfield code="a">Gesellschaft</marc:subfield>
   </marc:datafield>
   <marc:datafield ind1=" " ind2=" " tag="653">
      <marc:subfield code="a">Frauen</marc:subfield>
   </marc:datafield>
   <marc:datafield ind1=" " ind2=" " tag="653">
      <marc:subfield code="a">Römmele</marc:subfield>
   </marc:datafield>
   <marc:datafield ind1=" " ind2=" " tag="653">
      <marc:subfield code="a">(VLB-WN)1972: Hardcover, Softcover / Sachbücher/Politik, Gesellschaft, Wirtschaft/Politik</marc:subfield>
   </marc:datafield>
   <marc:datafield ind1=" " ind2=" " tag="653">
      <marc:subfield code="a">(BISAC Subject Heading)PSY023000</marc:subfield>
   </marc:datafield>
   <marc:datafield ind1=" " ind2=" " tag="653">
      <marc:subfield code="a">(BISAC Subject Heading)PSY036000: PSYCHOLOGY / Mental Health</marc:subfield>
   </marc:datafield>
   <marc:datafield ind1=" " ind2=" " tag="653">
      <marc:subfield code="a">(BISAC Subject Heading)PSY013000: PSYCHOLOGY / Emotions</marc:subfield>
   </marc:datafield>
   <marc:datafield ind1="0" ind2="0" tag="689">
      <marc:subfield code="0">(DE-588)4134262-8</marc:subfield>
      <marc:subfield code="0">https://d-nb.info/gnd/4134262-8</marc:subfield>
      <marc:subfield code="0">(DE-101)041342623</marc:subfield>
      <marc:subfield code="D">s</marc:subfield>
      <marc:subfield code="a">Politische Kommunikation</marc:subfield>
   </marc:datafield>
   <marc:datafield ind1="0" ind2="1" tag="689">
      <marc:subfield code="0">(DE-588)4046540-8</marc:subfield>
      <marc:subfield code="0">https://d-nb.info/gnd/4046540-8</marc:subfield>
      <marc:subfield code="0">(DE-101)040465403</marc:subfield>
      <marc:subfield code="D">s</marc:subfield>
      <marc:subfield code="a">Politische Kultur</marc:subfield>
   </marc:datafield>
   <marc:datafield ind1="0" ind2="2" tag="689">
      <marc:subfield code="0">(DE-588)4011413-2</marc:subfield>
      <marc:subfield code="0">https://d-nb.info/gnd/4011413-2</marc:subfield>
      <marc:subfield code="0">(DE-101)040114139</marc:subfield>
      <marc:subfield code="D">s</marc:subfield>
      <marc:subfield code="a">Demokratie</marc:subfield>
   </marc:datafield>
   <marc:datafield ind1="0" ind2="3" tag="689">
      <marc:subfield code="0">(DE-588)4148952-4</marc:subfield>
      <marc:subfield code="0">https://d-nb.info/gnd/4148952-4</marc:subfield>
      <marc:subfield code="0">(DE-101)041489527</marc:subfield>
      <marc:subfield code="D">s</marc:subfield>
      <marc:subfield code="a">Debatte</marc:subfield>
   </marc:datafield>
   <marc:datafield ind1="0" ind2=" " tag="689">
      <marc:subfield code="5">DE-101</marc:subfield>
      <marc:subfield code="5">DE-101</marc:subfield>
   </marc:datafield>
   <marc:datafield ind1="2" ind2=" " tag="710">
      <marc:subfield code="8">1\p</marc:subfield>
      <marc:subfield code="0">(DE-588)5058957-X</marc:subfield>
      <marc:subfield code="0">https://d-nb.info/gnd/5058957-X</marc:subfield>
      <marc:subfield code="0">(DE-101)050589571</marc:subfield>
      <marc:subfield code="a">Aufbau-Verlag</marc:subfield>
      <marc:subfield code="e">Verlag</marc:subfield>
      <marc:subfield code="4">pbl</marc:subfield>
      <marc:subfield code="2">gnd</marc:subfield>
   </marc:datafield>
   <marc:datafield ind1="0" ind2="8" tag="776">
      <marc:subfield code="i">Erscheint auch als</marc:subfield>
      <marc:subfield code="n">Online-Ausgabe</marc:subfield>
      <marc:subfield code="a">Römmele, Andrea, 1967-</marc:subfield>
      <marc:subfield code="t">Zur Sache!</marc:subfield>
      <marc:subfield code="d">Berlin : Aufbau Digital, 2019</marc:subfield>
      <marc:subfield code="h">Online-Ressource, 144 Seiten</marc:subfield>
      <marc:subfield code="w">(DE-101)117798069X</marc:subfield>
      <marc:subfield code="b">1. Auflage</marc:subfield>
   </marc:datafield>
   <marc:datafield ind1=" " ind2=" " tag="850">
      <marc:subfield code="a">DE-101a</marc:subfield>
      <marc:subfield code="a">DE-101b</marc:subfield>
   </marc:datafield>
   <marc:datafield ind1="4" ind2="2" tag="856">
      <marc:subfield code="m">X:MVB</marc:subfield>
      <marc:subfield code="q">text/html</marc:subfield>
      <marc:subfield code="u">http://deposit.dnb.de/cgi-bin/dokserv?id=36b705bcb52447f7b5d1fac066a76394&amp;prov=M&amp;dok_var=1&amp;dok_ext=htm</marc:subfield>
      <marc:subfield code="3">Inhaltstext</marc:subfield>
   </marc:datafield>
   <marc:datafield ind1="4" ind2="2" tag="856">
      <marc:subfield code="m">B:DE-101</marc:subfield>
      <marc:subfield code="q">application/pdf</marc:subfield>
      <marc:subfield code="u">https://d-nb.info/1171921462/04</marc:subfield>
      <marc:subfield code="3">Inhaltsverzeichnis</marc:subfield>
   </marc:datafield>
   <marc:datafield ind1="1" ind2=" " tag="883">
      <marc:subfield code="8">1\p</marc:subfield>
      <marc:subfield code="a">adb</marc:subfield>
      <marc:subfield code="d">20211003</marc:subfield>
      <marc:subfield code="q">DE-101</marc:subfield>
      <marc:subfield code="u">https://d-nb.info/provenance/plan#adb</marc:subfield>
   </marc:datafield>
   <marc:datafield ind1="2" ind2=" " tag="883">
      <marc:subfield code="8">3\p</marc:subfield>
      <marc:subfield code="a">dnb</marc:subfield>
      <marc:subfield code="d">20190819</marc:subfield>
      <marc:subfield code="q">DE-101</marc:subfield>
      <marc:subfield code="u">https://d-nb.info/provenance/plan#dnb</marc:subfield>
   </marc:datafield>
   <marc:datafield ind1="r" ind2=" " tag="925">
      <marc:subfield code="a">ra</marc:subfield>
   </marc:datafield>
   <marc:datafield ind1="2" ind2=" " tag="926">
      <marc:subfield code="a">JM</marc:subfield>
      <marc:subfield code="o">93</marc:subfield>
      <marc:subfield code="q">Publisher</marc:subfield>
      <marc:subfield code="v">1.2</marc:subfield>
      <marc:subfield code="x">Psychologie</marc:subfield>
   </marc:datafield>
   <marc:datafield ind1="2" ind2=" " tag="926">
      <marc:subfield code="a">JMQ</marc:subfield>
      <marc:subfield code="o">93</marc:subfield>
      <marc:subfield code="q">Publisher</marc:subfield>
      <marc:subfield code="v">1.2</marc:subfield>
      <marc:subfield code="x">Psychologie: Emotionen</marc:subfield>
   </marc:datafield>
   <marc:datafield ind1="2" ind2=" " tag="926">
      <marc:subfield code="a">JP</marc:subfield>
      <marc:subfield code="o">93</marc:subfield>
      <marc:subfield code="q">Publisher</marc:subfield>
      <marc:subfield code="v">1.2</marc:subfield>
      <marc:subfield code="x">Politik und Staat</marc:subfield>
   </marc:datafield>
   <marc:datafield ind1="2" ind2=" " tag="926">
      <marc:subfield code="a">1</marc:subfield>
      <marc:subfield code="o">94</marc:subfield>
      <marc:subfield code="q">Publisher</marc:subfield>
      <marc:subfield code="v">1.2</marc:subfield>
      <marc:subfield code="x">Geographische Qualifier</marc:subfield>
   </marc:datafield>
   <marc:datafield ind1="2" ind2=" " tag="926">
      <marc:subfield code="a">1D</marc:subfield>
      <marc:subfield code="o">94</marc:subfield>
      <marc:subfield code="q">Publisher</marc:subfield>
      <marc:subfield code="v">1.2</marc:subfield>
      <marc:subfield code="x">Europa</marc:subfield>
   </marc:datafield>
   <marc:datafield ind1="2" ind2=" " tag="926">
      <marc:subfield code="a">1DF</marc:subfield>
      <marc:subfield code="o">94</marc:subfield>
      <marc:subfield code="q">Publisher</marc:subfield>
      <marc:subfield code="v">1.2</marc:subfield>
      <marc:subfield code="x">Mitteleuropa</marc:subfield>
   </marc:datafield>
   <marc:datafield ind1="2" ind2=" " tag="926">
      <marc:subfield code="a">1DFG</marc:subfield>
      <marc:subfield code="o">94</marc:subfield>
      <marc:subfield code="q">Publisher</marc:subfield>
      <marc:subfield code="v">1.2</marc:subfield>
      <marc:subfield code="x">Deutschland</marc:subfield>
   </marc:datafield>
   <marc:datafield ind1="2" ind2=" " tag="926">
      <marc:subfield code="a">JB</marc:subfield>
      <marc:subfield code="o">93</marc:subfield>
      <marc:subfield code="q">Publisher</marc:subfield>
      <marc:subfield code="v">1.2</marc:subfield>
      <marc:subfield code="x">Gesellschaft und Kultur, allgemein</marc:subfield>
   </marc:datafield>
</marc:record>
